Front porch tales / (Record no. 588576)
[ view plain ]
| 000 -LEADER | |
|---|---|
| fixed length control field | 00904cam a2200289 a 4500 |
| 001 - CONTROL NUMBER | |
| control field | 2108670 |
| 003 - CONTROL NUMBER IDENTIFIER | |
| control field | NUST |
| 005 - DATE AND TIME OF LATEST TRANSACTION | |
| control field | 20220305123446.0 |
| 008 - FIXED-LENGTH DATA ELEMENTS--GENERAL INFORMATION | |
| fixed length control field | 960917s1997 orua 000 0deng |
| 010 ## - LIBRARY OF CONGRESS CONTROL NUMBER | |
| LC control number | 96044879 |
| 020 ## - INTERNATIONAL STANDARD BOOK NUMBER | |
| International Standard Book Number | 1576731235 (alk. paper) |
| 038 ## - RECORD CONTENT LICENSOR | |
| Staff Name | waseem |
| 040 ## - CATALOGING SOURCE | |
| Original cataloging agency | DLC |
| Transcribing agency | DLC |
| Modifying agency | DLC |
| 050 00 - LIBRARY OF CONGRESS CALL NUMBER | |
| Classification number | BV4517 |
| Item number | .G85 1997 |
| 082 00 - DEWEY DECIMAL CLASSIFICATION NUMBER | |
| Classification number | 242 |
| Author Mark | GUL |
| 100 1# - MAIN ENTRY--PERSONAL NAME | |
| Personal name | Gulley, Philip. |
| 9 (RLIN) | 90225 |
| 245 10 - TITLE STATEMENT | |
| Title | Front porch tales / |
| Statement of responsibility, etc. | Philip Gulley. |
| 260 ## - PUBLICATION, DISTRIBUTION, ETC. | |
| Place of publication, distribution, etc. | Oregon : |
| Name of publisher, distributor, etc. | Multnomah Books, |
| Date of publication, distribution, etc. | c1996. |
| 300 ## - PHYSICAL DESCRIPTION | |
| Extent | 174 p. : |
| Other physical details | ill. ; |
| Dimensions | 19 cm. |
| 563 ## - BINDING INFORMATION | |
| Binding note | HBK. |
| 600 10 - SUBJECT ADDED ENTRY--PERSONAL NAME | |
| Personal name | Gulley, Philip |
| Form subdivision | Anecdotes. |
| 9 (RLIN) | 90226 |
| 650 #0 - SUBJECT ADDED ENTRY--TOPICAL TERM | |
| Topical term or geographic name entry element | Christian life |
| Form subdivision | Anecdotes. |
| 9 (RLIN) | 90227 |
| 650 #0 - SUBJECT ADDED ENTRY--TOPICAL TERM | |
| Topical term or geographic name entry element | Christian life |
| General subdivision | Quaker authors. |
| 9 (RLIN) | 90228 |
| 906 ## - LOCAL DATA ELEMENT F, LDF (RLIN) | |
| a | 7 |
| b | cbc |
| c | orignew |
| d | 1 |
| e | ocip |
| f | 19 |
| g | y-gencatlg |
| 942 ## - ADDED ENTRY ELEMENTS (KOHA) | |
| Source of classification or shelving scheme | |
| Koha item type | Book |
| Withdrawn status | Lost status | Source of classification or shelving scheme | Damaged status | Not for loan | Permanent Location | Current Location | Date acquired | Source of acquisition | Total Checkouts | Full call number | Barcode | Date last seen | Price effective from | Koha item type |
|---|---|---|---|---|---|---|---|---|---|---|---|---|---|---|
| Central Library (CL) | Central Library (CL) | 03/05/2022 | Donated by Student Affairs NUST | 242 GUL | CL-D-1512 | 03/05/2022 | 03/05/2022 | Book |
